Квазичастицы в квазиклассическом приближении двумерного уравнения типа Хартри; Перспективы развития фундаментальных наук

Dettagli Bibliografici
Parent link:Перспективы развития фундаментальных наук.— 2015.— [С. 723-725]
Autore principale: Кулагин А. Е. Антон Евгеньевич
Ente Autore: Национальный исследовательский Томский политехнический университет (ТПУ) Физико-технический институт (ФТИ) Кафедра высшей математики и математической физики (ВММФ)
Altri autori: Трифонов А. Ю. Андрей Юрьевич (научный руководитель), Левченко Е. А. Евгений Анатольевич
Riassunto:Заглавие с экрана
Semiclassical asymptotics have been constructed for the two-dimensional Hartree type equation. The dynamics of the initial state, which is the superposition of two wave packets, has been studied. The constructed solution has been interpreted as an interaction of two quasiparticles to the semiclassical approximation. Equations, describing the dynamics of quasiparticles, have been obtained.
Lingua:russo
Pubblicazione: 2015
Serie:Математика
Soggetti:
Accesso online:http://earchive.tpu.ru/handle/11683/19027
http://www.lib.tpu.ru/fulltext/c/2015/C21/227.pdf
Natura: MixedMaterials Elettronico Capitolo di libro
KOHA link:https://koha.lib.tpu.ru/cgi-bin/koha/opac-detail.pl?biblionumber=613094

MARC

LEADER 00000naa2a2200000 4500
001 613094
005 20240408160007.0
035 |a (RuTPU)RU\TPU\conf\11225 
035 |a RU\TPU\conf\11224 
090 |a 613094 
100 |a 20150707d2015 k y0rusy50 ca 
101 0 |a rus 
102 |a RU 
105 |a a z 101zy 
135 |a drgn ---uucaa 
181 0 |a i  
182 0 |a b 
200 1 |a Квазичастицы в квазиклассическом приближении двумерного уравнения типа Хартри  |d Quasiparticles in the semiclassical approximation of the 2D Hartree type equation  |f А. Е. Кулагин  |g науч. рук. А. Ю. Трифонов, Е. А. Левченко 
203 |a Текст  |c электронный 
215 |a 1 файл(535 Кб) 
225 1 |a Математика 
300 |a Заглавие с экрана 
320 |a [Библиогр.: с. 725 (3 назв.)] 
330 |a Semiclassical asymptotics have been constructed for the two-dimensional Hartree type equation. The dynamics of the initial state, which is the superposition of two wave packets, has been studied. The constructed solution has been interpreted as an interaction of two quasiparticles to the semiclassical approximation. Equations, describing the dynamics of quasiparticles, have been obtained. 
337 |a Adobe Reader 
463 1 |0 (RuTPU)RU\TPU\conf\10376  |t Перспективы развития фундаментальных наук  |l Prospects of fundamental sciences development  |o сборник научных трудов XII Международной конференция студентов и молодых ученых, г. Томск, 21-24 апреля 2015 г.  |f Национальный исследовательский Томский политехнический университет (ТПУ) ; Национальный исследовательский Томский государственный университет (ТГУ) ; Томский государственный архитектурно-строительный университет (ТГАСУ) ; Томский государственный университет систем управления и радиоэлектроники (ТУСУР) ; ред. кол. И. А. Курзина ; Г. А. Воронова ; С. А. Поробова  |v [С. 723-725]  |d 2015 
510 1 |a Quasiparticles in the semiclassical approximation of the 2D Hartree type equation  |z eng 
610 1 |a электронный ресурс 
610 1 |a труды учёных ТПУ 
610 1 |a квазичастицы 
610 1 |a квазиклассическое приближение 
610 1 |a двумерные уравнения 
610 1 |a уравнение Хартри 
700 1 |a Кулагин  |b А. Е.  |c математик  |c доцент Томского политехнического университета, кандидат физико-математических наук  |f 1992-  |g Антон Евгеньевич  |y Томск  |3 (RuTPU)RU\TPU\pers\32403  |9 16354 
702 1 |a Трифонов  |b А. Ю.  |c физик, математик  |c профессор Томского политехнического университета, доктор физико-математических наук  |f 1963-  |g Андрей Юрьевич  |4 727 
702 1 |a Левченко  |b Е. А.  |c математик  |c ассистент Томского политехнического университета  |f 1988-  |g Евгений Анатольевич  |4 727 
712 0 2 |a Национальный исследовательский Томский политехнический университет (ТПУ)  |b Физико-технический институт (ФТИ)  |b Кафедра высшей математики и математической физики (ВММФ)  |3 (RuTPU)RU\TPU\col\18727 
801 1 |a RU  |b 63413507  |c 20101016 
801 2 |a RU  |b 63413507  |c 20210128  |g RCR 
856 4 |u http://earchive.tpu.ru/handle/11683/19027 
856 4 |u http://www.lib.tpu.ru/fulltext/c/2015/C21/227.pdf 
942 |c BK